=LDR 00000nam 2200000 4500 =001 INLIS000000000036614 =005 20140811100521.0 =006 =007 =008 Ind =035 ##$$a 0010-061300000036614 =041 ##$$a Ind =082 ##$$a 813 =090 ##$$a 813, Ang m =100 ##$$a Angela, Primadona =245 ##$$a Magnet curhat, Primadona Angela =260 ##$$a 2010 $b Jakarta =300 ##$$a 226 hlm, 20 cm =650 ##$$a Fiksi Indonesia =850 ##$$a NBPNMAT =990 ##$$a 0516/PN/2014 =990 ##$$a 21194860/BPAP-NTB/2014 =990 ##$$a 1286512865 =990 ##$$a 0516/PN/2014 =990 ##$$a 21194860/BPAP-NTB/2014 =990 ##$$a 21400613/BPAP-NTB/20142014 =990 ##$$a 0001/BPAP-NTB/20142014 =990 ##$$a 01201712865